000 00591nam a2200217 a 4500
001 12702
003 BD-JhCC
005 20230508172346.0
008 230508r20051982enk 000 1 eng d
020 _a9788172234874
040 _aUkOxU
_beng
_cUkOxU
_dBD-JhCC
042 _aukscp
082 _a813.54
_bSHE 2005
100 1 _aSheldon, Sidney.
245 1 0 _aMaster of the game /
_cSidney Sheldon.
260 _aLondon :
_bHarperCollins,
_c2005.
300 _a673 p. ;
_c18 cm.
500 _aOriginally published: New York : Morrow, 1982.
650 _aSuspense fiction
942 _2ddc
_cBK
999 _c12702
_d12702